Plants, Food and People

Gespeichert in:
Bibliographische Detailangaben
1. Verfasser: Hammond Winifred
Format: Buch
Sprache:Undetermined
Veröffentlicht: NewYork 1964
Schlagworte:
Tags: Tag hinzufügen
Keine Tags, Fügen Sie den ersten Tag hinzu!
Thư viện lưu trữ: Trung tâm Học liệu Trường Đại học Cần Thơ
LEADER 00433nam a2200157Ia 4500
001 CTU_23515
008 210402s9999 xx 000 0 und d
082 |b G226 
100 |a Hammond Winifred 
245 0 |a Plants, Food and People 
245 0 |c Hammond Winifred 
260 |a NewYork 
260 |c 1964 
650 |a food habits,man - food habits 
904 |i Sáng, 980425 
980 |a Trung tâm Học liệu Trường Đại học Cần Thơ